|
|
|
|
| LEADER |
00000nam0a2200000 4500 |
| 001 |
127365 |
| 005 |
20231101220041.0 |
| 020 |
|
|
|a RU
|b 87-91074
|
| 035 |
|
|
|a (RuTPU)RU\TPU\book\137780
|
| 090 |
|
|
|a 127365
|
| 100 |
|
|
|a 20071213d1987 k y0rusy5003 ca
|
| 101 |
0 |
|
|a rus
|
| 102 |
|
|
|a RU
|
| 105 |
|
|
|a y z 001zy
|
| 200 |
1 |
|
|a Методы синтеза систем в целевых программах
|f Р. А. Червинский
|
| 210 |
|
|
|a Москва
|c Наука
|d 1987
|
| 215 |
|
|
|a 224 с.
|c ил.
|
| 225 |
1 |
|
|a Экономико-математическая библиотека
|
| 320 |
|
|
|a Библиогр.: с. 216-221.
|
| 606 |
1 |
|
|a Программно-целевой метод в планировании и управлении
|2 stltpush
|3 (RuTPU)RU\TPU\subj\36617
|9 57936
|
| 606 |
1 |
|
|a Экономико-математические методы и модели
|2 stltpush
|3 (RuTPU)RU\TPU\subj\26568
|9 50466
|
| 610 |
1 |
|
|a экономические системы
|
| 610 |
1 |
|
|a синтез
|
| 610 |
1 |
|
|a целевые программы
|
| 610 |
1 |
|
|a планирование
|
| 610 |
1 |
|
|a задачи
|
| 686 |
|
|
|a Ув631
|2 rubbk
|
| 686 |
|
|
|a У9(2)230.3
|2 rubbk
|
| 700 |
|
1 |
|a Червинский
|b Р. А.
|g Ральф Александрович
|4 070
|
| 801 |
|
0 |
|a RU
|b RuMRKP
|c 19950417
|g psbo
|
| 801 |
|
1 |
|a RU
|b 63413507
|c 20071213
|g PSBO
|
| 801 |
|
2 |
|a RU
|b 63413507
|c 20220908
|g PSBO
|
| 942 |
|
|
|c BK
|